عرض عادي
عرض مارك
- Krugman, Paul R.
مدخل إسم شخص
001 - رقم الضبط
- حقل الضبط: 19326
003 - معرف رقم الضبط
- حقل الضبط: OSt
005 - تاريخ ووقت أخر عملية
- حقل الضبط: 20121230183330.0
008 - عناصر بيانات ثابتة الطول
- حقل تحكم ثابت الطول: 121230|||a|||||| | ||| d
040 ## - مصدر الفهرسة
- هيئة الفهرسة الأصلية: OSt
- وكالة الكتابة: OSt
100 ## - مدخل -- أسم شخص
- إسم شخص: Krugman, Paul R.
670 ## - بيانات المصدر موجوده
- الاستشهاد بالمصدر: Work cat.: (OSt)0: Krugman, Paul R., International economics :, c2012.
